000 00488cam a22002052a 4500
001 001746
003 AR-FADEU
008 311216n1992####xxu####################dd
020 _a84-309-2252-0
092 _a149.94
_bS439
100 _aSearle, John R.
245 _aIntencionalidad : Un ensayo en la filosofĂ­a de la mente
260 _aMadrid
260 _bTecnos
260 _c1992
300 _a281 p
440 _aFilosofĂ­a y ensayo
650 _aFILOSOFIA
942 _cBDGR
999 _c7584
_d7584